000 00499nam a2200217Ia 4500
003 OSt
005 20221005113837.0
006 a|||||r|||| 00| 0
007 ta
008 221004b |||||||| |||| 00| 0 eng d
024 _a48512
037 _cTextual
040 _aCRL
_cCRL
_beng
041 _2eng
_aeng
082 _aQ23:222, D4.1
245 0 _aAgni puranam
260 _c1974
650 _aRELIGION
942 _hQ23:222, D4.1
_cTEXL
_2cc
999 _c1029473
_d1029473